Catálogo
Digital

Catálogo
Digital

Seguridad e higiene del trabajo : Técnicas de prevención de riesgos laborales (Record no. 14011)

MARC details
000 -CABECERA
campo de control de longitud fija 02838nam a2200301 4500
003 - IDENTIFICADOR DEL NÚMERO DE CONTROL
campo de control EC-UNACH
005 - FECHA Y HORA DE LA ÚLTIMA TRANSACCIÓN
campo de control 20251015141807.0
006 - CÓDIGOS DE INFORMACIÓN DE LONGITUD FIJA--CARACTERÍSTICAS DEL MATERIAL ADICIONAL
campo de control de longitud fija s||||gr|||| 00| 00
008 - DATOS DE LONGITUD FIJA--INFORMACIÓN GENERAL
campo de control de longitud fija 150116t9999 mx r gr 000 0 spa d
020 ## - NÚMERO INTERNACIONAL ESTÁNDAR DEL LIBRO
Número Internacional Estándar del Libro 978-84-7360-255-6
040 ## - FUENTE DE LA CATALOGACIÓN
Centro catalogador/agencia de origen EC-UNACH
Centro/agencia transcriptor EC-UNACH
041 ## - CÓDIGO DE LENGUA
Código de lengua del texto/banda sonora o título independiente spa
082 04 - NÚMERO DE LA CLASIFICACIÓN DECIMAL DEWEY
Número de edición 23
Número de clasificación 344.1
Número de documento/Ítem L001674
110 ## - ENTRADA PRINCIPAL--NOMBRE DE ENTIDAD CORPORATIVA
Nombre de entidad corporativa o nombre de jurisdicción como elemento de entrada Editorial Tébar
245 ## - MENCIÓN DE TÍTULO
Título Seguridad e higiene del trabajo : Técnicas de prevención de riesgos laborales
250 ## - MENCIÓN DE EDICIÓN
Mención de edición Novena edición
264 ## - Producción, publicación, distribución, fabricación y copyright
Lugar de producción, publicación, distribución, fabricación Madrid
Nombre del de productor, editor, distribuidor, fabricante Editorial Tébar
Fecha de de producción, publicación, distribución, fabricación o copyright 2007
300 ## - DESCRIPCIÓN FÍSICA
Extensión 776 páginas
Otras características físicas Tablas
505 ## - NOTA DE CONTENIDO CON FORMATO
Nota de contenido con formato ÍNDICE. --<br/>I. MÉTODO CIENTÍFICO. -- <br/>II. FUNDAMENTOS DE LA BIOLOGÍA CELULAR MODERNA. --<br/>III. COMPONENTES QUÍMICOS CELULARES. -- <br/>IV. CARACTERÍSTICAS DE LAS CÉLULAS. -- <br/>V. MEMBRANA PLASMÁTICA. -- <br/>VI. SISTEMA DE ENDOMEMBRANAS. -- <br/>VII. ORGÁNULOS CELULARES CON FUNCIONES ESPECÍFICAS. -- <br/>VIII. ORGÁNULOS DE CONVERSIÓN ENERGÉTICA. -- <br/>IX. CITOESQUELETO. --<br/>X. UNIONES DE LAS CÉLULAS ENTRE SÍ Y CON LA MATRIZ EXTRACELULAR. -- <br/>XI. PARED CELULAR. -- <br/>XII. NÚCLEO CELULAR. -- <br/>XII. CICLO CELULAR. -- <br/>XIV. CONCEPTOS BÁSICOS DE BIOTECNOLOGÍA.<br/>………………….<br/>Contenido. --<br/>Prefacio. -- <br/>Prólogos del autor. -- <br/>I. INTRODUCCIÓN A LA SEGURIDAD E HIGIENE DEL TRABAJO. -- <br/>Capítulo 1. Salud y trabajo terminología básica. Daños profesionales y técnicas de prevención. -- <br/>Capítulo 2. Seguridad e higiene del trabajo. -- <br/>Capítulo 3. Legislación sobre prevención de riesgos laborales. Responsabilidades y sanciones. -- <br/>II. SEGURIDAD DEL TRABAJO. -- <br/>Capítulo 4. El accidente de trabajo. Seguridad en el trabajo. --<br/>Capítulo 5. Análisis estadístico de los accidentes. Índices estadísticos. Sistema de representación gráfica. Evolución de la siniestralidad en España. -- <br/>Capítulo 6. Justificación de la prevención. Economía de la seguridad. Calidad y seguridad. -- <br/>Capítulo 7. Técnicas de seguridad. -- <br/>Capítulo 8. Evaluación de riesgos. -- <br/>Capítulo 9. Técnicas analíticas posteriores al accidente. Investigación de accidentes. -- <br/>Capítulo 10. Técnicas analíticas de prevención de accidentes. Inspecciones de seguridad. --<br/>III. HIGIENE DEL TRABAJO. -- <br/>IV. SEGURIDAD EN EL PROYECTO Y MAPAS DE RIESGOS. -- <br/>V. ERGONOMÍA. -- <br/>VI. PSICOSOCIOLOGÍA APLICADA A LA PREVENCIÓN. -- <br/>VII. MEDICINA DEL TRABAJO. --<br/>VIII. OTRAS ACTUACIONES EN MATERIA DE PREVENCIÓN DE RIESGOS LABORALES. -- <br/>IX. ORGANIZACIÓN Y ADMINISTRACIÓN DE LA PREVENCIÓN. -- <br/>ANEXOS. -- <br/>BIBLIOGRAFÍA.<br/>
650 ## - PUNTO DE ACCESO ADICIONAL DE MATERIA--TÉRMINO DE MATERIA
Término de materia o nombre geográfico como elemento inicial RIESGO LABORAL
650 ## - PUNTO DE ACCESO ADICIONAL DE MATERIA--TÉRMINO DE MATERIA
Término de materia o nombre geográfico como elemento inicial LEY DE PREVENCIÓN
650 ## - PUNTO DE ACCESO ADICIONAL DE MATERIA--TÉRMINO DE MATERIA
Término de materia o nombre geográfico como elemento inicial NORMAS DE SEGURIDAD
700 ## - PUNTO DE ACCESO ADICIONAL--NOMBRE DE PERSONA
Nombre de persona Cortés Díaz, José María
942 ## - ELEMENTOS DE PUNTO DE ACCESO ADICIONAL (KOHA)
Tipo de ítem Koha Libros
Fuente del sistema de clasificación o colocación Clasificación Decimal Dewey
999 ## - NÚMEROS DE CONTROL DE SISTEMA (KOHA)
Koha biblionumber 14011
Holdings
Estado de pérdida Fuente del sistema de clasificación o colocación Estado dañado No para préstamo Localización permanente Ubicación/localización actual Ubicación en estantería Fecha de adquisición Fuente de adquisición Número de inventario Total de préstamos Signatura topográfica completa Código de barras Fecha visto por última vez Número de copia Precio válido a partir de Tipo de ítem Koha Centro de costos
  Clasificación Decimal Dewey     Biblioteca Campus Norte Biblioteca Campus Norte Facultad de Ingeniería - Generalidades 15/10/2025 Disposición Transitoria SEGUNDA. Resolución No. 0311-CU-UNACH-SE-ORD-16-09-2024 39933236   344.1 COR L001674 L001674 08/10/2025 Ej: 01 08/10/2025 Libros  

Powered by Koha